header

Early American decorative arts, 1620-1860 (Record no. 184762)

MARC details
000 -LEADER
fixed length control field 01624nam a2200373Ia 4500
082 04 - DEWEY DECIMAL CLASSIFICATION NUMBER
Classification number 745.0973
100 1# - MAIN ENTRY--AUTHOR NAME
Personal name Krill, Rosemary Troy,
245 10 - TITLE STATEMENT
Title Early American decorative arts, 1620-1860
250 ## - EDITION STATEMENT
Edition statement Rev. and enhanced.
260 ## - PUBLICATION, DISTRIBUTION, ETC. (IMPRINT)
Place of publication Lanham :
Name of publisher AltaMira Press,
Year of publication c2010.
300 ## - PHYSICAL DESCRIPTION
Number of Pages x, 267 p.
490 1# - SERIES STATEMENT
Series statement American Association for State and Local History book series
650 #0 - SUBJECT ADDED ENTRY--TOPICAL TERM
Topical Term Decorative arts, Early American
Topical Term Decorative arts
856 40 - ELECTRONIC LOCATION AND ACCESS
Uniform Resource Identifier http://site.ebrary.com/lib/rucke/Doc?id=10404846

No items available.

© 2026 Rongo University
Contact us: librarian | system librarian | Rongo university